| 000 | 01056nam a2200229Ii 4500 | ||
|---|---|---|---|
| 003 | JO-AjNU | ||
| 008 | 230605s9999||||xx |||||||||||||| ||und|| | ||
| 017 | _a2006/19439 | ||
| 020 | _a977-408-370-9 | ||
| 040 |
_aJO-AjNU _bara _erda _cJO-AjNU |
||
| 041 | _aara | ||
| 050 | 1 | 4 | _aHF5549.A27.H6712 2008 |
| 100 | 3 |
_aتأليف هوبكنز،برايان/م.مشارك جميس ماركهام؛ الترجمة باعتماد:خالد العامري, _eauthor _944469 |
|
| 245 | 0 | 0 | _aالادارة الالكترونية للموارد البشرية |
| 250 | _aط العربية | ||
| 264 | 3 | 1 | _aالقاهرة:دار الفاروق للنشر والتوزيع؛2008 |
| 300 |
_a391ص _bيحتوي على ملاحق من ص 367-368ص،يحتوي على ببلوغرافية من ص377-391ص ،يحتوي على مسرد مصطلحات من ص369-376 |
||
| 336 |
_atext _btxt _2rdacontent |
||
| 337 |
_aunmediated _bn _2rdamedia |
||
| 338 |
_avolume _bnc _2rdacarrier |
||
| 650 | 4 |
_aادارة الموارد البشرية-القوى البشرية _944470 |
|
| 999 |
_aA19204 _c22772 _d22772 |
||